15 Largest Cities in Italy🇮🇹 - Statistics

General Stats
  • This quiz has been taken 137 times
  • The average score is 11 of 15
Answer Stats
Population City % Correct
2.3 mil Rome
100%
1.2 mil Milan
99%
959k Naples
95%
870k Turin
94%
349k Florence
86%
580k Genoa
86%
648k Palermo
84%
366k Bologna
78%
277k Bari
72%
219k Verona
72%
290k Catania
62%
187k Trieste
52%
219k Messina
50%
203k Padua
49%
184k Brescia
43%
No matching quizzes found
Score Distribution
Percent of People with Each Score
Percentile by Number Answered
Your Score History
You have not taken this quiz